Algebraic theories : (formerly titled: Modern algebraic theories) /

Guardado en:
Autor Principal: Dickson, Leonard E. 1874-
Formato: Libro
Idioma:English
Publicado: New York : Dover, 1959.
Etiquetas: Agregar Etiqueta
Sin Etiquetas, Sea el primero en etiquetar este registro!
LEADER 00584nam a22001575a 4500
001 MAT.inmabb001149
008 031120r195919uunyu###########000#0#eng#d
005 20180502182838.0
245 1 0 |a Algebraic theories :  |b (formerly titled: Modern algebraic theories) /  |c by Leonard E. Dickson. 
260 |a New York :  |b Dover,  |c 1959. 
300 |a ix, 276 p. ;  |c 21 cm. 
500 |a "An unabridged and unaltered republication of the first edition." 
510 4 |a MR,  |c 21 #4122 
100 1 |a Dickson, Leonard E.  |q (Leonard Eugene),  |d 1874- 
084 |a 00A05  |2 msc2000 
859 |h 00A05A  |i D554  |p A-1160  |b BIB. MATEMATICA